Fibonacci Sequence - Statistics

General Stats
  • This quiz has been taken 114 times
    100 since last reset
  • The average score is 15 of 16
Answer Stats
Numbers % Correct
0
100%
1
100%
1
100%
2
100%
3
100%
13
99%
21
99%
34
99%
5
99%
8
99%
55
97%
89
97%
144
91%
233
83%
377
80%
610
69%
No matching quizzes found
Score Distribution
Percent of People with Each Score
Percentile by Number Answered
Your Score History
You have not taken this quiz since the last reset